00773nam a22002057a 4500999001300000001000500013003000900018005001700027008004100044040002800085082002300113110003900136245007300175260006500248300002400313504004100337650005600378942001200434952012100446 c487d4871266BD-DhUAP20210117141723.0200122s1991 bg br f000 0 eng  aDLCcDLCbEngdBD-DhUAP 223 a016.95492 BAN aBangladesh.bMinistry of Planning.00aBangladesh directory of social science research organizations, 1991. aDhaka :bSocial Science Research Council, Bangladesh,c1991. a214 pages ;c29 cm. aIncludes bibliographical references. 0aSocial sciencesxResearchzBangladeshvDirectories. 2ddccBK 00102ddc4070aUAPCLbUAPCLcGeneral Stacksd2020-01-22o016.95492 BAN p3010001266r2020-01-22t1w2020-01-22yBK